000
00196 a2200097 4500
020
_a
9780439862363
041
_a
eng
100
_a
Gill,Mickey
245
_a
backpack kitty goes to Camp
942
_c
BK
999
_c
31873
_d
31871